All FNaF Characters - Statistics

General Stats
  • This quiz has been taken 122 times
  • The average score is 41 of 46
Answer Stats
FNaFs Answers % Correct
Funtime Freddy
100%
Bon-Bon
99%
FNaF1 Freddy
99%
Funtime Foxy
99%
Golden Freddy
99%
Nightmare Freddy
99%
Phantom Freddy
99%
Toy Freddy
99%
FNaF 2 Withered Freddy
99%
Withered Golden Freddy
99%
Bonnie
97%
Foxy
97%
Nightmare Bonnie
97%
Nightmare Foxy
97%
Phantom Foxy
97%
Toy Bonnie
97%
Withered Bonnie
97%
Withered Foxy
97%
Chica
96%
Nightmare Chica
96%
Phantom Chica
96%
Toy Chica
96%
Withered Chica
96%
Mangle
92%
Nightmare Mangle
92%
Nightmare Puppet
92%
Phantom Puppet
92%
Puppet
92%
FNaF 4 Nightmare
90%
FNaF 3 Springtrap
90%
BB
89%
Nightmare BB
89%
Phantom BB
89%
FNaF SL Baby
82%
Ballora
81%
JJ
81%
Ennard
79%
Bonnet
74%
Minireena
73%
Minireena 2
73%
Plushtrap
71%
Yenndo
71%
Bidybab
70%
Lolbit
67%
Electrobab
63%
Nightmare Cupcake
45%
No matching quizzes found
Score Distribution
Percent of People with Each Score
Percentile by Number Answered
Your Score History
You have not taken this quiz